| 000 | 02319nam0a2200409 4500 | ||
|---|---|---|---|
| 001 | RU\NLR\BIBL_A\012930626 | ||
| 005 | 20221116142205.0 | ||
| 010 |
_a978-5-506-07293-5 _95000 |
||
| 021 |
_aRU _bКН-П-22-065576 _9КН-П-22-5688 |
||
| 035 | _a(NLR Aleph) 012930626 | ||
| 035 | _a(RuMoRGB)011230987 | ||
| 090 |
_a12673344 _c12673344 |
||
| 100 | _a20221103d2021 c y0rusy50 ca | ||
| 101 | 0 | _arus | |
| 102 | _aRU | ||
| 105 | _aa|||z|||000ay | ||
| 181 | 0 |
_ai2 _baxxe |
|
| 181 | 0 |
_ab2 _bbb2e |
|
| 182 | 0 | _an | |
| 200 | 1 |
_aСказки и стихи о животных _e[для старшего дошкольного возраста] _fРедьярд Киплинг, Корней Чуковский, Николай Иванович Сладков, Валентин Дмитриевич Берестов и др. _g[художники: Кения Павлова и др.] |
|
| 203 |
_aТекст _aИзображение _bвизуальные _cнепосредственные |
||
| 210 |
_aМосква _cУМка _cСИМБАТ _d2021 _eМосква |
||
| 215 |
_a222, [2] с. _cцв. ил. _d27 |
||
| 225 | 1 | _aВолшебная книга | |
| 330 | _aВ этой книжке собраны замечательные произведения для юных читателей. Авторские сказки и стихи о животных и яркие иллюстрации обязательно понравятся детям. Также книга станет отличным подарком на любой праздник | ||
| 333 | _a0+ | ||
| 686 | 0 | _aШ9(0)60я43 | |
| 701 | 1 |
_aКиплинг _bР. _f1865-1936 _gРедьярд _3RU\NLR\AUTH\775969 |
|
| 701 | 1 |
_aЧуковский _bК. И. _f1882-1969 _gКорней Иванович _3RU\NLR\AUTH\771522 |
|
| 701 | 1 |
_aСладков _bН. И. _f1920-1996 _gНиколай Иванович _3RU\NLR\AUTH\774661 |
|
| 701 | 1 |
_aБерестов _bВ.Д. _f1928 - 1998 _gВалентин Дмитриевич _3RU\NLR\AUTH\7731156 |
|
| 702 | 1 |
_aПавлова _bК. А. _cхудожник _f1975- _gКсения Андреевна _3RU\NLR\AUTH\7748867 _4040 |
|
| 942 | _cBOOK | ||
| 980 | _aNB | ||